| 000 | 00725nam a22001817a 4500 | ||
|---|---|---|---|
| 005 | 20231108142754.0 | ||
| 010 | _aHIN-126074 | ||
| 020 |
_a978938396111 _c50.00 |
||
| 035 | _aHN-98420 | ||
| 037 | _bDBAD/PUB | ||
| 082 | _a821 | ||
| 100 |
_aलाल,चिरजीलाल _958363 |
||
| 245 |
_aबौद्ध विवाह पद्धति/ _cचिरजीलाल लाल |
||
| 260 |
_aनई दिल्ली _bप्रकाशन एवं वितरक _c2022 |
||
| 270 |
_a196/213, चन्द्रलोक, मंडोली रोड _bशाहदरा _e110093 |
||
| 300 |
_a64 पृ.; _c21 सेमी (अजिल्द) |
||
| 942 |
_cHN _2ddc _h821 _mलालचि |
||
| 999 |
_c198556 _d198556 |
||